[Event "Oberliga Baden 0809"]
[Site "Germany"]
[Date "2008.10.26"]
[Round "2.7"]
[White "Blaeser, Stephane"]
[Black "Striebich, Rudolf"]
[Result "1/2-1/2"]
[WhiteElo "2099"]
[BlackElo "2207"]
[PlyCount "49"]
[EventDate "2008.10.05"]
[EventType "team-tourn"]
[EventRounds "9"]
[EventCountry "GER"]
[SourceTitle "EXT 2010"]
[Source "ChessBase"]
[SourceDate "2010.11.25"]
[SourceVersion "1"]
[SourceVersionDate "2010.11.25"]
[SourceQuality "1"]
[WhiteTeam "Wiehre"]
[BlackTeam "Eppingen II"]
[WhiteTeamCountry "GER"]
[BlackTeamCountry "GER"]

1. e4 c5 2. Nf3 d6 3. d4 cxd4 4. Nxd4 Nf6 5. Nc3 a6 6. Be3 e5 7. Nb3 Be6 8. Qd2 Be7 9. f3 Nbd7 10. 0-0-0 b5 11. Nd5 Bxd5 12. exd5 Nb6 13. Bxb6 Qxb6 14. Na5 Rc8 15. Nc6 Nxd5 16. Nxe7 Nxe7 17. Qxd6 Qxd6 18. Rxd6 Nc6 19. Rd5 f6 20. a4 Nb4 21. Rd2 bxa4 22. Kb1 Rc5 23. c3 Nc6 24. Bxa6 Ke7 25. Rhd1 1/2-1/2

[Event "Winterthur op"]
[Site "Winterthur"]
[Date "2006.10.10"]
[Round "5"]
[White "Blaeser, Stephane"]
[Black "Bigg, Andrew J"]
[Result "1-0"]
[WhiteElo "2075"]
[BlackElo "2248"]
[PlyCount "41"]
[EventDate "2006.10.06"]
[EventType "swiss"]
[EventRounds "9"]
[EventCountry "SUI"]
[SourceTitle "EXT 2007"]
[Source "ChessBase"]
[SourceDate "2006.11.23"]
[SourceVersion "1"]
[SourceVersionDate "2006.11.23"]
[SourceQuality "1"]

1. e4 e6 2. d4 d5 3. Nc3 Bb4 4. e5 Ne7 5. a3 Bxc3+ 6. bxc3 c5 7. Qg4 0-0 8. Bd3 f5 9. exf6 Rxf6 10. Bg5 Rf7 11. Qh5 g6 12. Qd1 Nbc6 13. Nf3 c4 14. Be2 Qf8 15. 0-0 h6 16. Bc1 Qg7 17. Re1 Bd7 18. a4 g5 19. h3 Kh7 20. Bf1 Rg8 21. Nxg5+ 1-0

[Event "Basel Hilton op 06th"]
[Site "Basel"]
[Date "2004.01.01"]
[Round "1"]
[White "Djuric, Stefan"]
[Black "Blaeser, Stephane"]
[Result "0-1"]
[WhiteElo "2487"]
[BlackElo "2103"]
[PlyCount "108"]
[EventDate "2004.01.01"]
[EventType "swiss"]
[EventRounds "7"]
[EventCountry "SUI"]
[SourceTitle "CBM 098 Extra"]
[Source "ChessBase"]
[SourceDate "2004.03.10"]
[SourceVersion "2"]
[SourceVersionDate "2004.03.10"]
[SourceQuality "1"]

1. e4 e6 2. d4 c5 3. Nf3 cxd4 4. Nxd4 a6 5. Bd3 Qb6 6. Nb3 Nc6 7. 0-0 Nf6 8. Bf4 d6 9. a4 Be7 10. Nc3 0-0 11. Qe2 Qc7 12. h3 b6 13. Rfd1 Bb7 14. Bg3 Ne5 15. Bf4 Rfe8 16. Rac1 Nfd7 17. Qf1 Ng6 18. Bg3 Bg5 19. Rb1 Bf4 20. Bxf4 Nxf4 21. g3 Nxd3 22. cxd3 Nc5 23. Nxc5 dxc5 24. d4 f5 25. dxc5 Qxc5 26. Qd3 Qc6 27. Qd6 fxe4 28. Qxc6 Bxc6 29. Rd6 Rac8 30. Rbd1 Kf7 31. Re1 Ke7 32. Rd4 a5 33. Nxe4 Red8 34. Rc4 Bd5 35. Rxc8 Rxc8 36. Nc3 Bb7 37. Rc1 Rd8 38. Rd1 Rxd1+ 39. Nxd1 Bc6 40. Nc3 Kd6 41. Kf1 Kc5 42. Ke2 Kb4 43. Kd2 Bxa4 44. Ne4 h6 45. Nc3 Bc6 46. Ne2 e5 47. f4 Bb5 48. Nc3 exf4 49. gxf4 Bd7 50. h4 Kb3 51. Kc1 Kc4 52. Kd2 b5 53. Ne4 Kd4 54. Nd6 a4 0-1